000 005510000a22001810004500
003 MACL
005 20160407124510.0
008 160407b xxu||||| |||| 00| 0 eng d
040 _aMACL
_cMACL
041 _aHindi
082 _a403
100 _aशैलेन्‍द्र सेंगर
_950927
245 _aभारत ज्ञान कोश
_bभारत का भूगाल
260 _aदिल्‍ली
_bपर्व प्रकाशन
_c2011
350 _a400
650 _aDictionary
_950928
942 _cHIN
_k403
_2ddc
999 _c46424
_d46424